000 00671nam a2200229 a 4500
001 000025364
005 20250612104112.0
008 110215s19uu dr ac 001 0 spa d
040 _aDO-SdBNP
_bspa
_cBNPHU
082 _a291.3
_bV732y
100 1 _aVillegas Quesada, Efraín
_951939
245 1 0 _aTransformación radical /
_cEfraín Villegas Q.
250 _a2ª ed.
260 _aSanto Domingo :
_bLysol,
_c[199?].
300 _a276 p. :
_bil., retrs. ;
_c20 cm.
590 _aInventariado, 2018/VM
650 4 _aOcultismo
_92395
650 0 _aMente y cuerpo
_92740
650 4 _aRacionalismo
_934112
910 _aValidado. Control de calidad EMS
049 _aBNPD
999 _c24856
_d24856